000 01048ngm a22003850a 4500
001 PT54396
003 AR-LpoUNG
005 20210201232359.0
007 co ||u|||uuuuu
008 191001s2010||||ag |||||||||||||||||spa d
020 _a9789871280179
_c$10
040 _aAR-LpoUNG
_bspa
_cAR-LpoUNG
_eaacr
041 _aspa
044 _aag
082 0 _a304.6 391pie
100 1 _aBechis, Martha
245 1 0 _aPiezas de etnohistoria y de antropología histórica
260 _aBuenos Aires :
_bSociedad Argentina de Antropología,
_c2010.
650 4 _aAMERINDIOS
650 4 _aANALISIS DEMOGRAFICO
650 4 _aANALISIS SOCIOLOGICO
650 4 _aANTROPOLOGIA
650 4 _aCONFLICTO ETNICO
650 4 _aCONFLICTOS RACIALES
650 4 _aDEMOGRAFIA
650 4 _aESTUDIOS DE CASOS
650 4 _aHISTORIA
650 4 _aIDENTIDAD CULTURAL
650 4 _aNACIONALISMO
650 4 _aNACIONALIZACION
650 4 _aPOBLACION INDIGENA
651 4 _aDOCUMENTOS TEORICOS O METODOLOGICOS
905 _a54396
942 _cCDDVD
999 _c53510
_d53510